[Event "VIII Open"]
[Site "Padova ITA"]
[Date "2005.12.17"]
[Round "8"]
[White "Gallo, Enrico"]
[Black "Lazic, Miroljub"]
[Result "0-1"]
[WhiteElo "2113"]
[BlackElo "2472"]
[PlyCount "88"]
[EventDate "2005.12.10"]

1. e4 e5 2. Nf3 Nc6 3. Bb5 Nge7 4. c3 a6 5. Ba4 d6 6. h3 Bd7 7. O-O Ng6 8. d4
Be7 9. Be3 h6 10. Nbd2 Bg5 11. d5 Nb8 12. Bc2 Bxe3 13. fxe3 O-O 14. Qe2 c6 15.
Rf2 a5 16. Nf1 cxd5 17. exd5 f5 18. Ng3 Qb6 19. Raf1 Na6 20. Kh2 Qxb2 21. Ne1
e4 22. Qh5 Ne5 23. Nxf5 Bxf5 24. Rxf5 Nc5 25. Qd1 Rxf5 26. Rxf5 Qxc3 27. Bb1
Qxe3 28. Nc2 Qd3 29. Qe1 Qxd5 30. Ne3 Qe6 31. a3 Rf8 32. Rxf8+ Kxf8 33. Qxa5
Nc6 34. Qd2 Qe5+ 35. Kh1 Qd4 36. Qe2 Ne5 37. Ba2 Ke8 38. Nf5 Qd3 39. Qf2 Kd7
40. Nxg7 e3 41. Qf8 e2 42. Be6+ Kc7 43. Qc8+ Kb6 44. Qd8+ Ka7 0-1

[Event "VIII Open"]
[Site "Padova ITA"]
[Date "2005.12.17"]
[Round "8"]
[White "Milanesi, Erminio"]
[Black "Rosina, Graziano"]
[Result "0-1"]
[WhiteElo "1616"]
[BlackElo "1509"]
[PlyCount "84"]
[EventDate "2005.12.10"]

1. e4 e5 2. Nf3 Nf6 3. Nc3 Nc6 4. d3 Bb4 5. a3 Bxc3+ 6. bxc3 d6 7. h3 O-O 8.
Bg5 Qe7 9. Be2 Nd8 10. Qd2 Ne6 11. O-O h6 12. Bxh6 gxh6 13. Qxh6 Nh7 14. Qe3
Nf4 15. d4 f6 16. Bc4+ Be6 17. Bxe6+ Qxe6 18. Kh2 Kf7 19. Nh4 Rh8 20. Nf5 Ng5
21. d5 Qe8 22. h4 Qg8 23. g3 Ng6 24. Kg2 Nxe4 25. Qxe4 Rh5 26. Rh1 Ne7 27. Nxe7
Kxe7 28. c4 f5 29. Qe2 Qg6 30. f4 e4 31. Qe3 b6 32. a4 a5 33. Rab1 Rg8 34. Kf2
Rh7 35. Rb3 Qe8 36. Ra3 Rg4 37. Qc3 Qg6 38. Qb3 Kd8 39. Qb5 Qg7 40. Rd1 Rhxh4
41. gxh4 Rxf4+ 42. Ke1 Qg2 0-1

[Event "VIII Open"]
[Site "Padova ITA"]
[Date "2005.12.17"]
[Round "8"]
[White "Morganti, Lionello"]
[Black "Russo, Carmelo"]
[Result "1-0"]
[WhiteElo "1691"]
[BlackElo "1728"]
[PlyCount "107"]
[EventDate "2005.12.10"]

1. e4 c5 2. Nc3 Nc6 3. g3 g6 4. Bg2 Bg7 5. d3 Nf6 6. f4 d6 7. Nf3 Bg4 8. O-O
Nd4 9. Ne2 Nxf3+ 10. Bxf3 Bxf3 11. Rxf3 O-O 12. c3 Qb6 13. Qc2 Rac8 14. Kg2 d5
15. e5 Nd7 16. Bd2 d4 17. c4 f6 18. exf6 Nxf6 19. Raf1 e6 20. Ng1 Ng4 21. h3
Nh6 22. R3f2 Qc6+ 23. Kh2 Nf5 24. Re2 Rce8 25. Nf3 Qc7 26. Rfe1 Qd6 27. Re4 Rf7
28. Qa4 Rfe7 29. Qd1 Ne3 30. Qe2 e5 31. Bxe3 dxe3 32. Rxe3 e4 33. Rxe4 Rxe4 34.
dxe4 Rd8 35. e5 Qd3 36. Qxd3 Rxd3 37. Kg2 h6 38. Re2 Kf7 39. Rd2 Rxd2+ 40. Nxd2
Ke6 41. Kf3 Bf8 42. Ke4 Be7 43. g4 Bh4 44. f5+ gxf5+ 45. gxf5+ Ke7 46. Kd5 Bf2
47. Ne4 Bd4 48. Nxc5 Bxb2 49. Nxb7 Bc3 50. c5 Kd7 51. Nd6 Ba5 52. c6+ Ke7 53.
Nc8+ Kf7 54. Nxa7 1-0

[Event "VIII Open"]
[Site "Padova ITA"]
[Date "2005.12.17"]
[Round "8"]
[White "Naumkin, Igor"]
[Black "Isonzo, David"]
[Result "0-1"]
[WhiteElo "2445"]
[BlackElo "2337"]
[PlyCount "50"]
[EventDate "2005.12.10"]

1. d4 Nf6 2. c4 g6 3. Nc3 Bg7 4. e4 O-O 5. Nf3 d6 6. Be2 c5 7. O-O cxd4 8. Nxd4
Nc6 9. Nc2 Nd7 10. Be3 Nc5 11. f3 a5 12. Qd2 a4 13. Rad1 Qa5 14. a3 Be6 15. Kh1
Rfc8 16. Bh6 Nb3 17. Qf4 Bxc3 18. bxc3 Qxc3 19. Ne3 Qe5 20. Qh4 Qh5 21. Qf4 f6
22. g4 Qe5 23. Qxe5 Nxe5 24. Nd5 Bxd5 25. cxd5 g5 0-1

[Event "VIII Open"]
[Site "Padova ITA"]
[Date "2005.12.17"]
[Round "8"]
[White "Navarro, Stefano"]
[Black "Zarpellon, Daniel"]
[Result "1-0"]
[WhiteElo "2224"]
[BlackElo "2010"]
[PlyCount "103"]
[EventDate "2005.12.10"]

1. e4 c5 2. Nf3 Nc6 3. d4 cxd4 4. Nxd4 g6 5. c4 Bg7 6. Be3 Nf6 7. Nc3 O-O 8.
Be2 d6 9. O-O Bd7 10. Rc1 Nxd4 11. Bxd4 Bc6 12. Qd3 a5 13. b3 Nd7 14. Bxg7 Kxg7
15. f4 a4 16. Qd4+ Kg8 17. b4 Qb6 18. Qxb6 Nxb6 19. a3 Rfc8 20. Rfd1 Be8 21.
Nd5 Nxd5 22. exd5 b6 23. Kf2 Bd7 24. Rc3 Rc7 25. Ke3 Rac8 26. Rdc1 Kf8 27. Kd4
e6 28. Bf3 Ke7 29. g3 h6 30. h4 Kf6 31. Bd1 Ke7 32. Bf3 Kf6 33. Bd1 Ke7 34. g4
Kf6 35. Bf3 Ke7 36. g5 h5 37. Re1 Kf8 38. Be4 Kg7 39. Rec1 Be8 40. R1c2 Bd7 41.
Bf3 Kf8 42. Be4 Kg7 43. Rc1 Be8 44. Bd3 Kf8 45. c5 bxc5+ 46. bxc5 exd5 47. cxd6
Rxc3 48. Rxc3 Rxc3 49. Kxc3 Bc6 50. Kd4 Ke8 51. Kc5 Kd7 52. f5 1-0

[Event "VIII Open"]
[Site "Padova ITA"]
[Date "2005.12.17"]
[Round "8"]
[White "Roberti, Ignazio"]
[Black "Chiesa, Roberto"]
[Result "1-0"]
[WhiteElo "1937"]
[BlackElo "1634"]
[PlyCount "143"]
[EventDate "2005.12.10"]

1. e4 e6 2. d4 d5 3. Nd2 Nf6 4. e5 Nfd7 5. f4 c5 6. c3 Nc6 7. Ndf3 Qb6 8. h4
cxd4 9. Nxd4 Nxd4 10. cxd4 Bb4+ 11. Kf2 f6 12. Nf3 fxe5 13. fxe5 O-O 14. Be3
Be7 15. Qd2 Bb4 16. Qd1 Be7 17. Rb1 Rf7 18. Kg3 Nf8 19. Bd3 Bd7 20. Rf1 Rc8 21.
Kh2 Bb5 22. Rf2 Qa6 23. Bxb5 Qxb5 24. Rc1 Rxc1 25. Qxc1 Qd7 26. Rc2 Bd8 27. Qd1
Ng6 28. g3 h6 29. h5 Ne7 30. g4 Qe8 31. Kg3 Bb6 32. Qd2 Qf8 33. Nh4 Kh7 34.
Qd3+ Kg8 35. Rf2 Rxf2 36. Bxf2 Qf7 37. Be3 Bd8 38. Qe2 Nc6 39. Nf3 g5 40. hxg6
Qxg6 41. Qh2 Kg7 42. b3 Be7 43. Qd2 Bb4 44. Qe2 a6 45. Qh2 Be7 46. Bd2 Nd8 47.
Qe2 Nf7 48. Nh4 Qh7 49. Nf3 Qg6 50. Nh4 Qh7 51. Ng2 Ng5 52. Kh2 Bd8 53. Nf4 Qg8
54. Nh5+ Kg6 55. Bxg5 Bxg5 56. Qc2+ Kf7 57. Qc7+ Kg6 58. Qxb7 Qf8 59. Kg3 a5
60. Qc7 Be7 61. Qc2+ Kf7 62. Nf4 Qg8 63. Qc6 Kg7 64. Nxe6+ Kh8 65. Nf4 Kh7 66.
Qc2+ Kh8 67. Ng6+ Kg7 68. Nxe7 Qf7 69. Qg6+ Qxg6 70. Nxg6 Kxg6 71. a3 Kf7 72.
b4 1-0

[Event "VIII Open"]
[Site "Padova ITA"]
[Date "2005.12.17"]
[Round "8"]
[White "Rossi, Carlo"]
[Black "D'Innocente, Stefano"]
[Result "0-1"]
[WhiteElo "2357"]
[BlackElo "2262"]
[PlyCount "60"]
[EventDate "2005.12.10"]

1. Nf3 c5 2. g3 Nc6 3. Bg2 g6 4. O-O Bg7 5. e4 Nf6 6. Re1 d5 7. exd5 Nxd5 8.
Nc3 Nc7 9. d3 O-O 10. Be3 b6 11. Qd2 Bb7 12. Bh6 Rb8 13. Re2 Re8 14. Rae1 Bh8
15. h4 e5 16. h5 Ne6 17. hxg6 hxg6 18. Be3 Qd7 19. Ne4 Bg7 20. Bg5 Ned4 21.
Nxd4 Nxd4 22. Re3 f5 23. Nc3 Bxg2 24. Kxg2 Qc6+ 25. f3 Rf8 26. Rh1 Rf7 27. Kf2
Rbf8 28. Rg1 e4 29. dxe4 fxe4 30. f4 Nf3 0-1

[Event "VIII Open"]
[Site "Padova ITA"]
[Date "2005.12.17"]
[Round "8"]
[White "Sautto, Alessandra"]
[Black "Di Lazzaro, Gabriele"]
[Result "1-0"]
[WhiteElo "1939"]
[BlackElo "2025"]
[PlyCount "93"]
[EventDate "2005.12.10"]

1. d4 Nf6 2. Nf3 g6 3. Nbd2 Bg7 4. e4 d6 5. Bd3 Nbd7 6. Qe2 e5 7. dxe5 dxe5 8.
c3 O-O 9. O-O Qe7 10. Nb3 b6 11. Rd1 Bb7 12. Nfd2 a5 13. a4 Rfd8 14. Nf1 Nf8
15. f3 Ne6 16. g3 Rd7 17. Be3 Rad8 18. Bb5 Rd6 19. Rxd6 Qxd6 20. Qd2 Qxd2 21.
Nfxd2 Ne8 22. Kf2 Nd6 23. Be2 Bc6 24. Nc4 Nb7 25. Ke1 Kf8 26. Ncd2 Ke8 27. Ba6
Nd6 28. Nc4 Nc8 29. Ke2 f6 30. Nbxa5 bxa5 31. Nxa5 Ba8 32. Bb5+ Kf7 33. b4 Nd6
34. Bc6 Nc4 35. Bxa8 Nxe3 36. Bc6 Bh6 37. Nb7 Rb8 38. a5 Nc2 39. Bd5 Nxa1 40.
a6 Ke7 41. Na5 Kd7 42. a7 Rh8 43. Nc6 Ra8 44. Nb8+ Kc8 45. Bxa8 c6 46. Na6 Nb3
47. Bxc6 1-0

[Event "VIII Open"]
[Site "Padova ITA"]
[Date "2005.12.17"]
[Round "8"]
[White "Tamburrini, Pierluigi"]
[Black "Antoniacci, Riccardo"]
[Result "1-0"]
[WhiteElo "1643"]
[BlackElo "1972"]
[PlyCount "141"]
[EventDate "2005.12.10"]

1. e4 e5 2. Nf3 Nc6 3. Bb5 a6 4. Ba4 Nf6 5. O-O Be7 6. Re1 b5 7. Bb3 O-O 8. c3
d5 9. exd5 Nxd5 10. Nxe5 Nxe5 11. Rxe5 c6 12. d4 Bd6 13. Re1 Qh4 14. g3 Qh3 15.
Be3 Bg4 16. Qd3 Rae8 17. Nd2 f5 18. Qf1 f4 19. Qxh3 Bxh3 20. Bxf4 Bxf4 21. gxf4
Kh8 22. Bxd5 cxd5 23. Re3 Rxe3 24. fxe3 Rf6 25. Kf2 g5 26. Nf3 gxf4 27. exf4
Rxf4 28. Kg3 Rf6 29. Kxh3 Rxf3+ 30. Kg2 Rd3 31. Rf1 b4 32. Rf3 Rd2+ 33. Rf2
bxc3 34. bxc3 Rd3 35. Rc2 Kg7 36. Kf2 Kf6 37. Ke2 Rh3 38. Kd1 Kf5 39. Rf2+ Ke4
40. Kd2 h5 41. Kc2 Ke3 42. Rd2 Ke4 43. Kb3 Ke3 44. Rg2 h4 45. Kb4 Rf3 46. Kc5
h3 47. Rb2 Ke4 48. Rb3 Rf2 49. c4 Rc2 50. Rxh3 Rxc4+ 51. Kb6 Kxd4 52. a4 Ke5
53. a5 d4 54. Kxa6 Rc3 55. Rh8 Rb3 56. Rd8 Ke4 57. Ka7 d3 58. h4 Rb5 59. a6 Ke3
60. Ka8 d2 61. a7 Ke2 62. Re8+ Kf3 63. Rd8 Rb2 64. h5 Ke2 65. Re8+ Kf3 66. Rd8
Ke2 67. Re8+ Kd1 68. h6 Kc1 69. Rc8+ Kb1 70. Rd8 Kc1 71. h7 1-0

[Event "VIII Open"]
[Site "Padova ITA"]
[Date "2005.12.18"]
[Round "9"]
[White "Antoniacci, Riccardo"]
[Black "Chiesa, Roberto"]
[Result "1-0"]
[WhiteElo "1972"]
[BlackElo "1634"]
[PlyCount "117"]
[EventDate "2005.12.10"]

1. d4 Nf6 2. c4 c6 3. Nc3 d5 4. Nf3 dxc4 5. e4 b5 6. e5 Nd5 7. Ne4 Bf5 8. Ng3
Bg4 9. h3 Bxf3 10. Qxf3 e6 11. a3 Qb6 12. Ne2 Nd7 13. Bd2 Be7 14. Qg4 g6 15. g3
O-O 16. Bg2 Rac8 17. h4 h5 18. Qh3 Rfd8 19. g4 hxg4 20. Qxg4 Kg7 21. h5 Rh8 22.
hxg6 Rxh1+ 23. Bxh1 Rh8 24. Be4 Nxe5 25. dxe5 Rh4 26. Qg2 f5 27. exf6+ Nxf6 28.
Bc3 b4 29. Bd4 Qa5 30. Kf1 e5 31. Ng3 Rg4 32. Nh5+ Kf8 33. g7+ Kf7 34. Qf3 exd4
35. Nxf6 Rxg7 36. Nh5+ Kg8 37. Nxg7 Kxg7 38. Qg4+ Kf7 39. Kg2 bxa3 40. bxa3 Qb5
41. Qg6+ Kf8 42. Rb1 Qg5+ 43. Qxg5 Bxg5 44. f4 Be7 45. Rb8+ Kf7 46. Rb7 a5 47.
Rxe7+ Kxe7 48. Bxc6 Kd6 49. Be4 d3 50. Kf2 Kc5 51. Ke3 d2 52. Bc2 c3 53. Ke4
Kd6 54. f5 Ke7 55. Ke5 Kf7 56. f6 Kf8 57. Ke6 Ke8 58. f7+ Kf8 59. Bb3 1-0

[Event "VIII Open"]
[Site "Padova ITA"]
[Date "2005.12.18"]
[Round "9"]
[White "Cedriano, Filippo"]
[Black "Roberti, Ignazio"]
[Result "0-1"]
[WhiteElo "2039"]
[BlackElo "1937"]
[PlyCount "68"]
[EventDate "2005.12.10"]

1. g3 Nf6 2. Bg2 d5 3. Nf3 c5 4. d3 Nc6 5. Nbd2 g6 6. O-O Bg7 7. e4 dxe4 8.
dxe4 O-O 9. c3 Qd3 10. Re1 Rd8 11. Bf1 Qd7 12. Qc2 Ng4 13. Nc4 Qc7 14. Bg2 b5
15. Ne3 Nxe3 16. Bxe3 Na5 17. e5 Rb8 18. Bxc5 Bf5 19. Qc1 Qxc5 20. b4 Qb6 21.
bxa5 Qxa5 22. Nd4 Bd7 23. Qg5 Qxc3 24. Rad1 Qc5 25. Qf4 e6 26. Qe3 Be8 27. f4
Bf8 28. Re2 Qb6 29. Red2 Bc5 30. Qe4 Rbc8 31. Kh1 Bxd4 32. Rxd4 Rxd4 33. Rxd4
Rc1+ 34. Bf1 Bc6 0-1

[Event "VIII Open"]
[Site "Padova ITA"]
[Date "2005.12.18"]
[Round "9"]
[White "Contini, Davide"]
[Black "Naumkin, Igor"]
[Result "1-0"]
[WhiteElo "2056"]
[BlackElo "2445"]
[PlyCount "45"]
[EventDate "2005.12.10"]

1. d4 Nf6 2. c4 e6 3. Bg5 h6 4. Bf4 b6 5. Nf3 Bb7 6. e3 Be7 7. Bd3 O-O 8. O-O
d5 9. Nc3 Nbd7 10. cxd5 exd5 11. Qe2 a6 12. e4 dxe4 13. Nxe4 Nd5 14. Bd2 Re8
15. Qd1 Nf8 16. Rc1 Qd7 17. Ne5 Qe6 18. f4 Rad8 19. f5 Qc8 20. Qh5 f6 21. Qf7+
Kh7 22. Bxh6 Kxh6 23. Rf3 1-0

[Event "VIII Open"]
[Site "Padova ITA"]
[Date "2005.12.18"]
[Round "9"]
[White "D'Innocente, Stefano"]
[Black "Dervishi, Erald"]
[Result "0-1"]
[WhiteElo "2262"]
[BlackElo "2489"]
[PlyCount "68"]
[EventDate "2005.12.10"]

1. e4 e5 2. Nf3 Nc6 3. Bb5 a6 4. Ba4 Nf6 5. O-O Be7 6. Re1 b5 7. Bb3 d6 8. c3
O-O 9. a3 Nd7 10. d4 Bf6 11. Be3 Re8 12. Nbd2 Bb7 13. Ba2 Na7 14. d5 c6 15. c4
Nc8 16. b4 Ndb6 17. Rc1 bxc4 18. Nxc4 Nxc4 19. Bxc4 Qd7 20. Qa4 Ne7 21. Bg5
Red8 22. Bxf6 gxf6 23. dxc6 Bxc6 24. Qb3 d5 25. exd5 Nxd5 26. Nh4 Nf4 27. Bxf7+
Kh8 28. Bc4 Qb7 29. Bf1 Rg8 30. g3 Rg4 31. f3 Rxh4 32. gxh4 Rg8+ 33. Kf2 Bd5
34. Qe3 Qg7 0-1

[Event "VIII Open"]
[Site "Padova ITA"]
[Date "2005.12.18"]
[Round "9"]
[White "Del Monaco, Andrea"]
[Black "Navarro, Stefano"]
[Result "1-0"]
[WhiteElo "2234"]
[BlackElo "2224"]
[PlyCount "65"]
[EventDate "2005.12.10"]

1. e4 e5 2. Nf3 d6 3. d4 Nf6 4. Nc3 Nbd7 5. Bc4 Be7 6. O-O O-O 7. Re1 c6 8. a4
Qc7 9. h3 b6 10. Ba2 Bb7 11. Be3 a6 12. dxe5 dxe5 13. Nh4 g6 14. Nf3 Nh5 15.
Bh6 Rfe8 16. Ng5 Bxg5 17. Bxg5 Nc5 18. Qd2 Bc8 19. g4 Nf4 20. Bxf4 exf4 21. e5
g5 22. b4 Rd8 23. Qe2 Ne6 24. Rad1 Rxd1 25. Rxd1 Nf8 26. Rd6 Be6 27. Bxe6 Nxe6
28. Ne4 Kg7 29. Qd3 c5 30. Nf6 Rh8 31. Qf5 Nd4 32. Qxg5+ Kf8 33. Qh6+ 1-0

[Event "VIII Open"]
[Site "Padova ITA"]
[Date "2005.12.18"]
[Round "9"]
[White "Di Lazzaro, Gabriele"]
[Black "Tamburrini, Pierluigi"]
[Result "1-0"]
[WhiteElo "2025"]
[BlackElo "1643"]
[PlyCount "55"]
[EventDate "2005.12.10"]

1. e4 e6 2. Qe2 c5 3. Nf3 Nc6 4. g3 g6 5. Bg2 Bg7 6. O-O Nge7 7. c3 e5 8. d3
O-O 9. Be3 d6 10. Qd2 f5 11. Bh6 f4 12. Bxg7 Kxg7 13. Na3 h6 14. h4 Rb8 15. d4
cxd4 16. cxd4 a5 17. Nb5 b6 18. Qc3 Kh7 19. dxe5 Ba6 20. a4 Bxb5 21. axb5 Nxe5
22. Nxe5 dxe5 23. Qxe5 fxg3 24. fxg3 Ng8 25. Rad1 Qe7 26. Qxe7+ Nxe7 27. Rxf8
Rxf8 28. Rd7 1-0

[Event "VIII Open"]
[Site "Padova ITA"]
[Date "2005.12.18"]
[Round "9"]
[White "Diotallevi, Maurizio"]
[Black "Dragojlovic, Andjelko"]
[Result "0-1"]
[WhiteElo "2113"]
[BlackElo "2309"]
[PlyCount "127"]
[EventDate "2005.12.10"]

1. e4 c5 2. c3 g6 3. g3 Bg7 4. Bg2 Nc6 5. d3 e5 6. Nf3 Nge7 7. Be3 d6 8. Na3 h6
9. O-O O-O 10. Nc2 b6 11. a3 d5 12. h3 Ba6 13. Re1 dxe4 14. dxe4 Qc7 15. Bf1
Rad8 16. Qc1 Bxf1 17. Rxf1 Na5 18. Qe1 Nb3 19. Rd1 Rxd1 20. Qxd1 Rd8 21. Qe2
Qc6 22. Nd2 Nxd2 23. Bxd2 Qd7 24. Be3 Qxh3 25. Rd1 Qc8 26. Rd3 Nc6 27. Qd2 Rxd3
28. Qxd3 Qd8 29. Qxd8+ Nxd8 30. Kf1 Kf8 31. Ke2 Ke7 32. Kd3 Kd7 33. a4 Nb7 34.
Na3 Kc6 35. g4 Bf8 36. f3 f6 37. Bf2 a6 38. Nc4 b5 39. axb5+ axb5 40. Ne3 c4+
41. Ke2 Nc5 42. Nd5 Na4 43. Nxf6 Nxb2 44. Be1 Be7 45. Nd5 Bd8 46. Bd2 h5 47.
gxh5 gxh5 48. Bh6 Nd3 49. Nb4+ Nxb4 50. cxb4 Bb6 51. Bg5 Kd7 52. Bh4 Ke6 53.
Kd2 Bc7 54. Ke2 Bd6 55. Be1 Be7 56. Kf1 Bg5 57. Kg2 Be3 58. Kf1 Bd4 59. Ke2 Kf7
60. Kd2 Kg6 61. Bh4 Bg1 62. Bg3 Kf6 63. Bh4+ Ke6 64. Bg3 {...} 0-1

[Event "VIII Open"]
[Site "Padova ITA"]
[Date "2005.12.18"]
[Round "9"]
[White "Drazic, Sinisa"]
[Black "Lazic, Miroljub"]
[Result "1/2-1/2"]
[WhiteElo "2523"]
[BlackElo "2472"]
[PlyCount "21"]
[EventDate "2005.12.10"]

1. e4 c5 2. Nf3 d6 3. d4 cxd4 4. Nxd4 Nf6 5. Nc3 a6 6. Bg5 e6 7. f4 Nbd7 8. Qf3
Be7 9. O-O-O Qc7 10. g4 h6 11. Bxf6 1/2-1/2

[Event "VIII Open"]
[Site "Padova ITA"]
[Date "2005.12.18"]
[Round "9"]
[White "Gallo, Enrico"]
[Black "De Santis, Alessio"]
[Result "0-1"]
[WhiteElo "2113"]
[BlackElo "2331"]
[PlyCount "108"]
[EventDate "2005.12.10"]

1. e4 g6 2. d4 Bg7 3. Nc3 d6 4. Nf3 Nd7 5. Be3 e6 6. Qd2 h6 7. O-O-O a6 8. Bc4
b5 9. Bb3 Ne7 10. h4 Bb7 11. d5 e5 12. Ne2 Nf6 13. Ng3 Ng4 14. Kb1 Qd7 15. h5
Nxe3 16. Qxe3 f5 17. exf5 gxf5 18. Qd2 a5 19. c3 a4 20. Bc2 a3 21. b3 O-O 22.
Nh4 e4 23. Qf4 Rf7 24. f3 Be5 25. Qxh6 Bxg3 26. Ng6 Be5 27. fxe4 f4 28. Nxe5
dxe5 29. Qg5+ Rg7 30. Qxe5 Qe6 31. Qd4 Rg5 32. Rdf1 Rf8 33. Qd2 Qe5 34. h6 b4
35. Qd4 Qxd4 36. cxd4 Rxg2 37. Bd1 Bxd5 38. exd5 Nxd5 39. Rhg1 Rxg1 40. Rxg1+
Kh7 41. Bf3 Nc3+ 42. Kc2 Kxh6 43. Kd3 Nxa2 44. Kc4 Rb8 45. Rg4 Nc3 46. Rxf4 a2
47. Rf6+ Kg5 48. Ra6 Kf4 49. Ba8 Ke3 50. Ra7 Kd2 51. Kc5 Kc2 52. Kc6 Kxb3 53.
Bb7 Na4 54. Kxc7 Rxb7+ 0-1

[Event "VIII Open"]
[Site "Padova ITA"]
[Date "2005.12.18"]
[Round "9"]
[White "Mosconi, Ariel Oscar"]
[Black "Cipolotti, Piersilvio"]
[Result "1-0"]
[WhiteElo "2164"]
[BlackElo "1703"]
[PlyCount "143"]
[EventDate "2005.12.10"]

1. Nf3 Nc6 2. c4 e5 3. Nc3 Bc5 4. e3 d6 5. a3 Nf6 6. d3 O-O 7. b4 Bb6 8. Bb2
Bg4 9. Be2 Ne7 10. O-O Ng6 11. Na4 Qd7 12. Nxb6 axb6 13. Qc2 h6 14. Rfd1 Rae8
15. Rac1 Nh7 16. c5 bxc5 17. bxc5 Rc8 18. c6 bxc6 19. Qxc6 Qxc6 20. Rxc6 Bd7
21. Rcc1 Ba4 22. Rd2 f5 23. d4 e4 24. Ne1 d5 25. Rc5 Ne7 26. Nc2 Nf6 27. Nb4 c6
28. Ra5 Ra8 29. Rxa8 Rxa8 30. Bc1 Nd7 31. Rb2 Rb8 32. Na6 Rxb2 33. Bxb2 Kf7 34.
Nc5 Nxc5 35. dxc5 g6 36. f3 Ng8 37. Kf2 Nf6 38. Ke1 Nd7 39. Bd4 Ke6 40. f4 Nf6
41. Kd2 Ne8 42. Kc3 Nc7 43. Kb4 Bb5 44. Bd1 h5 45. a4 Ba6 46. Ka5 Kd7 47. Kb6
Bf1 48. g3 Na8+ 49. Kb7 Nc7 50. Bc3 Na6 51. Kb6 Nc7 52. Bb3 Na8+ 53. Kb7 Nc7
54. Be5 Na6 55. Kb6 Nb4 56. a5 Bb5 57. h3 Ke6 58. Bd4 Na6 59. Bd1 Nb4 60. g4
hxg4 61. hxg4 Na6 62. Bc3 Nb8 63. Bb4 Na6 64. Ba3 Kd7 65. gxf5 gxf5 66. Bb2 Nb4
67. Be5 Na6 68. Ba4 Bxa4 69. Kxa6 Kc8 70. Kb6 d4 71. a6 d3 72. a7 1-0

[Event "VIII Open"]
[Site "Padova ITA"]
[Date "2005.12.18"]
[Round "9"]
[White "Pichierri, Gianmatteo"]
[Black "Opacic, Alexandar"]
[Result "1/2-1/2"]
[WhiteElo "1539"]
[BlackElo "2122"]
[PlyCount "32"]
[EventDate "2005.12.10"]

1. e4 b6 2. d4 Bb7 3. Nc3 e6 4. a3 Nc6 5. Nf3 h6 6. Bf4 g5 7. Bg3 Bg7 8. e5
Nge7 9. Qd3 Nf5 10. O-O-O Nce7 11. h4 g4 12. Nd2 Nxg3 13. Qxg3 h5 14. f3 Nf5
15. Qf2 Bh6 16. f4 Qe7 1/2-1/2

[Event "VIII Open"]
[Site "Padova ITA"]
[Date "2005.12.18"]
[Round "9"]
[White "Quaranta, Gaetano"]
[Black "Belloni, Umberto"]
[Result "1-0"]
[WhiteElo "1625"]
[BlackElo "1910"]
[PlyCount "49"]
[EventDate "2005.12.10"]

1. e4 e6 2. d4 d5 3. exd5 exd5 4. Nf3 Bg4 5. Be2 Bd6 6. Nc3 c6 7. h3 Bxf3 8.
Bxf3 Qe7+ 9. Be3 Nd7 10. Qd2 Nb6 11. Be2 f5 12. O-O Nf6 13. f3 O-O-O 14. a4
Rde8 15. Bg5 h6 16. Bxf6 gxf6 17. a5 Nd7 18. f4 Qe3+ 19. Qxe3 Rxe3 20. Rf2 Rg8
21. Bf3 Bxf4 22. Nd1 Re7 23. Bxd5 cxd5 24. Rxf4 Re3 25. Nxe3 1-0

[Event "VIII Open"]
[Site "Padova ITA"]
[Date "2005.12.18"]
[Round "9"]
[White "Rosina, Graziano"]
[Black "Morganti, Lionello"]
[Result "1/2-1/2"]
[WhiteElo "1509"]
[BlackElo "1691"]
[PlyCount "56"]
[EventDate "2005.12.10"]

1. e4 g6 2. d4 Bg7 3. c4 d6 4. Nc3 Nf6 5. Be3 O-O 6. Qd2 c6 7. Bh6 Qa5 8. Bxg7
Kxg7 9. Nf3 Nbd7 10. Be2 a6 11. O-O b5 12. e5 dxe5 13. Nxe5 b4 14. Nd1 Nxe5 15.
dxe5 Qxe5 16. Bf3 Qc5 17. Qf4 e5 18. Qh4 Bb7 19. Ne3 Bc8 20. Rfd1 Be6 21. b3
Rad8 22. g4 Rd4 23. Rxd4 exd4 24. g5 Nd7 25. Ng2 Ne5 26. Be4 Kg8 27. Qf4 Rd8
28. h4 d3 1/2-1/2

[Event "VIII Open"]
[Site "Padova ITA"]
[Date "2005.12.18"]
[Round "9"]
[White "Russo, Carmelo"]
[Black "Milanesi, Erminio"]
[Result "0-1"]
[WhiteElo "1728"]
[BlackElo "1616"]
[PlyCount "66"]
[EventDate "2005.12.10"]

1. d4 g6 2. e4 Nh6 3. Nf3 f6 4. Nc3 Nf7 5. Be3 Bg7 6. Qd2 O-O 7. Bc4 e6 8. e5
d5 9. exd6 cxd6 10. d5 e5 11. h3 Nd7 12. g4 a6 13. g5 f5 14. Qe2 f4 15. Bd2
Nxg5 16. Nxg5 Qxg5 17. Ne4 Qe7 18. h4 Nf6 19. Ng5 h6 20. Nf3 Bg4 21. Rg1 Bh5
22. Bd3 e4 23. Bxf4 Bxf3 24. Qe3 Ng4 25. Rxg4 Bxg4 26. Bxe4 Rae8 27. Bxg6 Rxf4
28. Bxe8 Re4 29. Kd2 Rxe3 30. fxe3 Qxe8 31. Rg1 h5 32. Rf1 Bxb2 33. c3 Qe5 0-1

[Event "VIII Open"]
[Site "Padova ITA"]
[Date "2005.12.18"]
[Round "9"]
[White "Sautto, Alessandra"]
[Black "Rossi, Carlo"]
[Result "0-1"]
[WhiteElo "1939"]
[BlackElo "2357"]
[PlyCount "66"]
[EventDate "2005.12.10"]

1. d4 Nf6 2. Nf3 c5 3. c3 Qa5 4. e3 Rg8 5. Bd3 g5 6. Nbd2 cxd4 7. exd4 g4 8.
Ne5 d6 9. Nec4 Qh5 10. Nf1 Qd5 11. Nce3 Qc6 12. Qe2 a6 13. d5 Qc7 14. Ng3 Nbd7
15. Ne4 Nxe4 16. Bxe4 Nf6 17. Bd3 h5 18. Bd2 Bd7 19. c4 e5 20. dxe6 fxe6 21.
Nd5 Qd8 22. O-O Be7 23. Nf4 e5 24. Ng6 Bc6 25. Bg5 e4 26. Bxe4 Bxe4 27. Bxf6
Rxg6 28. Qxe4 Rxf6 29. Qxb7 Qc8 30. Qd5 Rf5 31. Qe4 Re5 32. Qg6+ Kd7 33. b3 Qc5
0-1

[Event "VIII Open"]
[Site "Padova ITA"]
[Date "2005.12.18"]
[Round "9"]
[White "Zarpellon, Daniel"]
[Black "Cardili, Mariano"]
[Result "1-0"]
[WhiteElo "2010"]
[BlackElo "2066"]
[PlyCount "149"]
[EventDate "2005.12.10"]

1. e4 c6 2. d4 d5 3. e5 c5 4. c3 Nc6 5. Bb5 cxd4 6. cxd4 Bf5 7. Nc3 e6 8. a3
Qb6 9. Nge2 Nge7 10. O-O Bg6 11. Be3 Nf5 12. Rc1 Rc8 13. Qd2 Be7 14. Nf4 O-O
15. Nxg6 hxg6 16. Bxc6 Rxc6 17. Ne2 Rfc8 18. Rxc6 Rxc6 19. Rc1 Rc7 20. Rxc7
Qxc7 21. Qc1 Qxc1+ 22. Bxc1 Kf8 23. Kf1 Ke8 24. g4 Nh4 25. Ng1 Kd7 26. f4 Kc6
27. Kf2 Kb5 28. b3 a5 29. Ne2 Kc6 30. Kg3 b5 31. a4 b4 32. Be3 Bd8 33. Ng1 Kd7
34. Kh3 Ke8 35. Bf2 g5 36. Bxh4 gxh4 37. Nf3 g6 38. Nxh4 Kf8 39. f5 Kg7 40.
fxe6 fxe6 41. Nf3 g5 42. Kg3 Kg6 43. h4 gxh4+ 44. Nxh4+ Kg5 45. Nf3+ Kg6 46.
Kf4 Kh6 47. Kg3 Kg6 48. Nh4+ Kg5 49. Ng2 Kg6 50. Nf4+ Kf7 51. Nd3 Bg5 52. Kf3
Ke8 53. Nf4 Kf7 54. Nh3 Bd8 55. g5 Bb6 56. Ke3 Bd8 57. Kf4 Be7 58. Ke3 Bd8 59.
Kd3 Be7 60. Kd2 Kg6 61. Nf4+ Kf5 62. g6 Bf8 63. Ke3 Bg7 64. Kf3 Bh6 65. Nd3
Kxg6 66. Nc5 Kf7 67. Nb7 Ke7 68. Nxa5 Kd7 69. Nb7 Bf8 70. a5 Kc7 71. a6 Be7 72.
Nd6 Kb8 73. a7+ Ka8 74. Ke3 Bf8 75. Nb5 1-0

[Event "II Torneo A Natale Vomero"]
[Site "Napoli ITA"]
[Date "2005.11.03"]
[Round "1"]
[White "Cosenza, Gianni"]
[Black "Caporali, Dante"]
[Result "1/2-1/2"]
[WhiteElo "2041"]
[BlackElo "1664"]
[PlyCount "47"]
[EventDate "2005.11.03"]

1. e4 e6 2. d4 d5 3. Nd2 Nf6 4. e5 Nfd7 5. Bd3 c5 6. c3 Nc6 7. Ne2 Qb6 8. Nf3
cxd4 9. cxd4 f6 10. exf6 Nxf6 11. O-O Bd6 12. Nc3 O-O 13. h3 Bd7 14. Be3 a6 15.
Qd2 Rac8 16. Rac1 Ne7 17. Bb1 Nf5 18. Bg5 h6 19. Bxf6 Rxf6 20. g4 Ne7 21. Qd3
Ng6 22. Na4 Qd8 23. Rxc8 Bxc8 24. Qe3 1/2-1/2

[Event "II Torneo A Natale Vomero"]
[Site "Napoli ITA"]
[Date "2005.11.03"]
[Round "1"]
[White "Lombardo, Claudio"]
[Black "Della Ragione, Achille"]
[Result "1/2-1/2"]
[WhiteElo "1688"]
[BlackElo "2096"]
[PlyCount "67"]
[EventDate "2005.11.03"]

1. d4 d5 2. c4 Bf5 3. Nc3 e6 4. a3 Nf6 5. Bf4 dxc4 6. e3 Bd6 7. Bxd6 cxd6 8.
Bxc4 O-O 9. Nf3 Nbd7 10. Rc1 Rc8 11. Bd3 Bg4 12. Be2 e5 13. dxe5 dxe5 14. O-O
h6 15. h3 Be6 16. b4 a5 17. Qa4 axb4 18. Qxb4 b6 19. Rfd1 Qc7 20. Ne4 Qb8 21.
Nxf6+ Nxf6 22. Rxc8 Rxc8 23. Qb2 Rc5 24. Rc1 Qc7 25. Rxc5 bxc5 26. Qxe5 Qa5 27.
Qb8+ Kh7 28. Qb1+ g6 29. Qb2 Nd7 30. Nd2 Nb6 31. Ne4 Nd7 32. Nd2 Nb6 33. Ne4
Nd7 34. Nd2 1/2-1/2